00430nam a22001457a 450000500170000000800410001702000200005804100080007808200130008610000250009924500990012426000360022330000170025965000080027620210904122124.0200608b xxu||||| |||| 00| 0 eng d a978-938-8822176 aeng a345.5408 aPANDAY, KUMAR ASKAND aJUVENILE JUSTICE A COMMENTARY ON JUVENILE JUSTICE (care and protection of children ) ACT, 2015 aLUCKNOW bE.B.C PVT. LTD c2019 axxxiv,;321 p aLAW